Focus sur: Rose Granger-Weasley - Harry Potter - Statistiques

Statistiques générales
  • Ce quiz a été pris 278 fois
  • Le résultat moyen est 10 sur 12
Statistiques - réponses
Informations recherchées Réponses % Correct
Mère Hermione Granger
99%
Ecole fréquentée Poudlard
99%
Père Ron Weasley
99%
Statut du sang Sang-Mêlé
98%
Maison fréquentée Gryffondor
97%
Première apparition Harry Potter et les Reliques de la Mort
96%
Couleur des cheveux Roux
96%
Frère Hugo Granger-Weasley
92%
Poste occupé au Quidditch Poursuiveuse
87%
Surnom Rosie
71%
Actrice l'interprétant dans les films Helena Barlow
19%
Comédienne l'interprétant dans la pièce de théâtre Cherrelle Skeete
14%
Aucun quiz correspondant
Distribution des résultats
% des personnes avec chaque résultat
Percentile par nombre de réponses
Votre historique - résultats
Vous n’avez pas pris ce quiz